| 000 | 00477nam a2200169 a 4500 | ||
|---|---|---|---|
| 005 | 20260417150148.0 | ||
| 008 | 260318s2026##################000#0#eng## | ||
| 020 |
_a9781635496994 _qhbk |
||
| 082 | 0 | 4 | _a362.196 NES |
| 100 | _aNesbit,Clara | ||
| 245 | 1 | 0 |
_aMalnutrition and Nutrient Deficiency _c/Clara Nesbit |
| 250 | _a1st ed. | ||
| 260 |
_aNew York: _bLarsen &Keller, _c2018. |
||
| 300 |
_avii,198p. _c;26cm. |
||
| 650 | _asocial problems and services | ||
| 942 | _cENGLISH | ||
| 999 |
_c617861 _d617861 |
||